000 00660nam a2200253 i 4500
001 C2-0002929
003 PPAK
005 20190630221800.0
008 970123s1990 xxka|||| ||||| | eng d
020 _a0721412106
040 _aPPAK
_beng
_cPPAK
_erda
082 0 4 _a823
_223
090 0 0 _a823
_bAIN
_dK
100 1 _aAinsworth, Alison,
_eauthor
245 1 0 _aHeidi
264 1 _aLoughborough :
_bLadybird Books ,
_c1990
300 _a51 pages :
_billustrations ;
_c18 cm
336 _2rdacontent
_atext
337 _2rdamedia
_aunmediated
338 _2rdacarrier
_avolume
650 1 0 _aChildren's stories, English.
700 _eauthor
942 _ddc
_cB
999 _c343
_d343